000 01973nam a2200313 a 4500
001 001201702
003 AM-YEHGA
005 20250618080126.0
008 100601s2016 ai a||||r|||||||||0|arm|d
020 _z978-9939-860-43-5
040 _aAM-YeHGA
041 0 _aarm
_aeng
041 0 _aeng
245 0 0 _aՀայացք բրոնզի դարից =
_bA glance from the Bronze age : Գտածոներ Հայաստանի բրոնզեդարյան դամբարաններից Ք.ա. III-I հազարամյակ : Հայաստանի պատմության թանգարանի հավաքածուներից : Ալբոմ - կատալոգ /
_c[Խմբագիր՝ Անելկա, Գրիգորյան ; Լուսանկարաներ` Վռամ, Հակոբյան ; Անգլերեն թարգ.՝ Աիդա, Ֆրունջյան ; Սրբագրիչ՝ Աննա, Խաչյան ; Ձևավորում՝ Զավեն, Խաչիկյան ] ; Հայաստանի պատմության թանգարան.
246 1 1 _aA glance from the Bronze age :
_bFindings from the Bronze age burial mounds in Armenia III-I millennia B.C. : From the collections of the History Museum of Armenia : Album - Catalogue
260 _aԵրևան :
_bՏիգրան Մեծ,
_c2016.
300 _a158 էջ :
_bնկ. ;
_c30 սմ.
546 _aԲնագիրը զուգահեռ՝ հայերեն և անգլերեն:
650 1 4 _aՀնագիտություն
_xԲրոնզեդարյան գտածոներ
_zՀայաստան
650 1 0 _aՀայոց պատմություն
_xԲրոնզեդարյան գտածոներ
700 1 _aԳրիգորյան, Անելկա
_eխմբ.
_4edt
700 1 _aՀակոբյան, Վռամ
_eլուսանկ.
_4pht
700 1 _aՖրունջյան, Աիդա
_eթարգմ.
_4trl
700 1 _aԽաչյան, Աննա
_eսրբագր.
_4crr
700 1 _aԽաչիկյան, Զավեն
_eձևավորող
_4bkd
_9590
710 _aՀայաստանի պատմության թանգարան
942 _2udc
_cBK
090 _c566957
999 _c528702
_d528702